| 000 | 01310nam a2200265Ia 4500 | ||
|---|---|---|---|
| 003 | Ost | ||
| 005 | 20260416102353.0 | ||
| 008 | 260416s9999||||xx |||||||||||||| ||und|| | ||
| 040 | _cfsecg | ||
| 041 | _aara | ||
| 082 | _a330 | ||
| 100 |
_aمزياني، أمين _eمؤلف |
||
| 245 | 0 |
_aإقتصاد المؤسسة : _bدروس، محاضرات وأسئلة / _c أمين مزياني |
|
| 260 |
_aالجزائر _bجامعة الجزائر3: كلية العلوم الإقتصادية، العلوم التجارية وعلوم التسيير _c2019 |
||
| 300 |
_a97 ورقة _bايضاحات _c30 سم |
||
| 504 | _aمراجع ص.93 | ||
| 520 | _aماهية المؤسسة، أنواع الشركات، الوظائف التقليدية للمؤسسة، بيئة المؤسسات، الميزة التنافسية، الابتكار، ثقافة والجودة الشاملة بالمؤسسات الاقتصادية، نماذج مواضيع الامتحان. | ||
| 653 | _aالإقتصاد | ||
| 653 | _aالتسويق | ||
| 653 | _aالتموين | ||
| 653 | _aالشركات | ||
| 653 | _aالمنافسة | ||
| 710 |
_aجامعة الجزائر3: كلية العلوم الإقتصادية، العلوم التجارية وعلوم التسيير _eناشر علمي |
||
| 942 | _cHANDOUT | ||
| 999 |
_c41109 _d41109 |
||